Una mirada desde la cotidianidad en las relaciones interpersonales que se dan entre las familias y los adultos mayores de los centros de dias la boquilla, nuevo bosque y el socorro en el i periodo del año 2016 en el distrito de cartagena de indias / (Registro nro. 5986)
[ vista simple ]
| 000 -LEADER | |
|---|---|
| fixed length control field | 01869nam a2200253 4500 |
| 001 - CONTROL NUMBER | |
| control field | 0000000591 |
| 005 - DATE AND TIME OF LATEST TRANSACTION | |
| control field | 20250329165509.0 |
| 008 - FIXED-LENGTH DATA ELEMENTS--GENERAL INFORMATION | |
| fixed length control field | 170718s2016 000 0 eng d |
| 040 ## - CATALOGING SOURCE | |
| Original cataloging agency | CO-CtgCURN |
| Language of cataloging | spa |
| Transcribing agency | coctgcurn |
| 082 0# - DEWEY DECIMAL CLASSIFICATION NUMBER | |
| Classification number | TSO 2016 |
| Item number | C846 |
| 100 1# - MAIN ENTRY--PERSONAL NAME | |
| Personal name | Cotta Lobelo, Ana Maria. |
| 245 10 - TITLE STATEMENT | |
| Title | Una mirada desde la cotidianidad en las relaciones interpersonales que se dan entre las familias y los adultos mayores de los centros de dias la boquilla, nuevo bosque y el socorro en el i periodo del año 2016 en el distrito de cartagena de indias / |
| Statement of responsibility, etc. | Ana Maria Cotta Lobelo; Yisel Carolina Muñoz Carmona; Eileen Paola Nader Jaspe; Director: Adriana Yanez Segovia. |
| 260 ## - PUBLICATION, DISTRIBUTION, ETC. | |
| Place of publication, distribution, etc. | Cartagena de Indias : |
| Name of publisher, distributor, etc. | Corporacion Universitaria Rafael Nuñez, |
| Date of publication, distribution, etc. | 2016. |
| 504 ## - BIBLIOGRAPHY, ETC. NOTE | |
| Bibliography, etc. note | Trabajo de grado (Trabajadora social). Corporacion Universitaria Rafael Nuñez. Facultad de Ciencias sociales y humanas. Trabajo social, 2016. |
| 520 ## - SUMMARY, ETC. | |
| Summary, etc. | El envejecimiento es un proceso fisiologico que comienza en la concepcion y ocasiona cambios caracteristicos para las especies durante todo el ciclo de la vida. En los ultimos años de vida, esos cambios producen una limitacion de la adaptabilidad del organismo en relacion con su medio. Los ritmos, a que esos cambios se producen en los diversos organos de un mismo individuo o en distintos individuo, no son iguales. |
| 650 #0 - SUBJECT ADDED ENTRY--TOPICAL TERM | |
| Topical term or geographic name entry element | Trabajo social |
| General subdivision | Tesis y disertaciones academicas. |
| 700 1# - ADDED ENTRY--PERSONAL NAME | |
| Personal name | Cotta Lobelo, Ana Maria. |
| 700 1# - ADDED ENTRY--PERSONAL NAME | |
| Personal name | Muñoz Carmona, Yisel Carolina. |
| 700 1# - ADDED ENTRY--PERSONAL NAME | |
| Personal name | Nader Jaspe, Eileen Paola. |
| 700 1# - ADDED ENTRY--PERSONAL NAME | |
| Personal name | Yanez Segovia, Adriana. |
| 856 ## - ELECTRONIC LOCATION AND ACCESS | |
| Uniform Resource Identifier | <a href="https://unicurn.sharepoint.com/:b:/s/biblioteca/Ecuw58x0depApbfTSIoU0iMBcHQtuqbQp9Rpy1_pDbYeDQ?e=GdFvsA">https://unicurn.sharepoint.com/:b:/s/biblioteca/Ecuw58x0depApbfTSIoU0iMBcHQtuqbQp9Rpy1_pDbYeDQ?e=GdFvsA</a> |
| Public note | Click aqui para ver el recurso en texto completo |
| 942 ## - ADDED ENTRY ELEMENTS (KOHA) | |
| Classification part | TSO 2016 |
| Item part | C846 |
| Source of classification or shelving scheme | Dewey Decimal Classification |
| Koha item type | Trabajos de grado |
| Withdrawn status | Lost status | Source of classification or shelving scheme | Damaged status | Not for loan | Collection | Home library | Current library | Shelving location | Date acquired | Source of acquisition | Cost, normal purchase price | Inventory number | Total checkouts | Full call number | Barcode | Date last seen | Copy number | Price effective from | Koha item type |
|---|---|---|---|---|---|---|---|---|---|---|---|---|---|---|---|---|---|---|---|
| Dewey Decimal Classification | Trabajos de grado | Miguel Henríquez Castañeda | Miguel Henríquez Castañeda | Trabajo de grado | 01/06/2017 | El autor | 350000.00 | 021460 | TSO 2016 C846 | 021460 | 01/06/2017 | 1 | 01/06/2017 | Trabajos de grado |